000 00438nam a2200097Ia 4500
008 160523s9999 xx 000 0 und d
245 _aApproaches to Disaster Management - Examining the Implications of Hazards, Emergencies and Disasters
245 _cEdited by John Tiefenbacher
260 _c2013
856 _uhttp://www.intechopen.com/books/approaches-to-disaster-management-examining-the-implications-of-hazards-emergencies-and-disasters
999 _c294849
_d294849